La Costa Rica cafetalera en contexto comparado /
Salvato in:
| Autore principale: | |
|---|---|
| Natura: | Sconosciuto |
| Soggetti: | |
| Tags: |
Aggiungi Tag
Nessun Tag, puoi essere il primo ad aggiungerne!!
|
MARC
| LEADER | 000000000a22000000004500 | ||
|---|---|---|---|
| 001 | 003813 | ||
| 100 | 1 | |a Gudmundson, Lowell | |
| 245 | 1 | 3 | |a La Costa Rica cafetalera en contexto comparado / |c Lowell Gudmundson. |
| 310 | |a semestral | ||
| 650 | 4 | |a COSTA RICA | |
| 650 | 4 | |a HISTORIA | |
| 650 | 4 | |a SECTOR CAFETALERO | |
| 650 | 4 | |a PEQUENA PROPIEDAD | |
| 650 | 4 | |a CAPITALISMO AGRARIO | |
| 650 | 4 | |a PEQUEÑA BURGUESIA | |
| 650 | 4 | |a BURGUESIA COSTARRICENSE | |
| 773 | 0 | |d San José, Costa Rica : Editorial de la Universidad Nacional : Editorial de la Universidad de Costa Rica |t Revista de Historia |g número 14 (1986), páginas 11-23 | |
| 942 | |c ARC | ||
| 999 | |c 11201 |d 11201 | ||
